00259nam a22001097a 4500082001600000100002100016245002700037260003600064300001000100563000700110650003200117 a813.54bSUB a Subond, Valerie aHouse at Haunted Inlet aNew York:bAvalon Books;c1978. a184p. aHB aFiction, achildren stories